Альбом рисунков резной мебели стиль возрождения.- (Renaissance). Современная меблировка комнатъ. Богатое собрание узоров для мебельных мастеров

Manylion Llyfryddiaeth
Prif Awdur: Греф М. Макс
Iaith:Rwseg
Cyhoeddwyd: Москва, [Б. и.], 1898
Pynciau:
Fformat: Llyfr
KOHA link:https://koha.lib.tpu.ru/cgi-bin/koha/opac-detail.pl?biblionumber=372533

MARC

LEADER 00000nam0a2200000 4500
001 372533
005 20231102012503.0
035 |a (RuTPU)RU\TPU\retro\29957 
035 |a RU\TPU\book\221255 
090 |a 372533 
100 |a 20221215d1898 km y0rusy50 ca 
101 1 |a rus  |c ger 
102 |a RU 
105 |a a z 000zy 
200 1 |a Альбом рисунков резной мебели стиль возрождения.- (Renaissance). Современная меблировка комнатъ. Богатое собрание узоров для мебельных мастеров  |f М. Греф 
210 |a Москва  |c [Б. и.]  |d 1898 
215 |c ил. 
316 |5 63413507: 16727  |a Папка с иллюстрациями. 
606 1 |a Мебель  |x Художественное конструирование  |x Проектирование  |x Фанерование  |2 stltpush  |3 (RuTPU)RU\TPU\subj\41764  |9 61548 
606 1 |a Мебель художественная  |2 stltpush  |3 (RuTPU)RU\TPU\subj\41768  |9 61552 
610 1 |a мебель 
610 1 |a мебельное производство 
610 1 |a меблировка 
610 1 |a декоративная мебель 
610 1 |a резная мебель 
610 1 |a альбомы 
610 1 |a рисунки 
610 1 |a художественные стили 
610 1 |a Ренессанс 
675 |a 684  |v 3 
675 |a 749.1  |v 3 
700 1 |a Греф  |b М.  |g Макс 
801 1 |a RU  |b 63413507  |c 20111026 
801 2 |a RU  |b 63413507  |c 20221215  |g RCR 
942 |c BK